Polítiques de ciutadania : discurs públic sobre la gestió local de la diversitat / Ricard Zapata-Barrero discurs públic sobre la gestió local de la diversitat / Ricard Zapata-Barrero
ISBN:
978-84-9803-330-4
Descripción Física:
69 p. ; 24 cm
Colección:
Estudis. Igualtat i Ciutadania ; 5
MARC
| LEADER | 00000nam a2200000Ia 4500 | ||
|---|---|---|---|
| 001 | 21802 | ||
| 008 | 160829s2009 xx 000 0 cat d | ||
| 020 | |a 978-84-9803-330-4 | ||
| 080 | |a M-6-250 | ||
| 100 | |a Zapata Barrero, Ricard |9 39547 | ||
| 245 | |a Polítiques de ciutadania : |b discurs públic sobre la gestió local de la diversitat / Ricard Zapata-Barrero | ||
| 260 | |a Barcelona : |b Diputació de Barcelona. Àrea d'igualtat i Ciutadania, |c 2009 | ||
| 300 | |a 69 p. ; |c 24 cm | ||
| 490 | |a Estudis. Igualtat i Ciutadania ; 5 | ||
| 590 | |a Hi ha un exemplar en castellà amb R. 22210 | ||
| 650 | 0 | |a Administració local |9 34286 | |
| 650 | |a Ciutadania |9 49906 | ||
| 710 | |a Barcelona (Catalunya : Província). |b Àrea d'Igualtat i Ciutadania |9 7840 | ||
| 901 | |a Arxiu | ||
| 942 | |n 1 | ||
| 952 | |0 0 |1 0 |4 0 |6 M6250 |7 1 |9 52866 |a Arxiu |b Arxiu |d 2016-12-01 |l 0 |o M-6-250 |p 21802 |r 2016-12-01 00:00:00 |w 2016-12-01 |y ARXIU | ||
| 999 | |c 56715 |d 56715 | ||